[Event "4.Int Ch of Vojvodina"]
[Site "Novi Sad"]
[Date "2013.07.03"]
[Round "8.13"]
[White "Dostan, Janos"]
[Black "Vucinic, Gojko"]
[Result "0-1"]
[WhiteElo "2188"]
[BlackElo "2252"]
[PlyCount "44"]
[EventDate "2013.06.28"]
[SourceDate "2013.06.30"]

1. e4 c5 2. Nf3 d6 3. d4 cxd4 4. Qxd4 a6 5. Be3 Nf6 6. Nc3 Ng4 7. Bg5 h6 8. Bh4
Nc6 9. Qd2 g5 10. Bg3 Bg7 11. h3 Nf6 12. Be2 Qa5 13. O-O Be6 14. a3 O-O 15. b4
Qc7 16. Rac1 Rac8 17. Nd5 Nxe4 18. Nxc7 Nxd2 19. Nxe6 Nxf1 20. Nxf8 Nxg3 21.
fxg3 Kxf8 22. c4 Bb2 0-1

[Event "4.Int Ch of Vojvodina"]
[Site "Novi Sad"]
[Date "2013.07.03"]
[Round "8.14"]
[White "Banovic, Ivan"]
[Black "Vlahov, Davor"]
[Result "0-1"]
[WhiteElo "2180"]
[BlackElo "2240"]
[PlyCount "128"]
[EventDate "2013.06.28"]
[SourceDate "2013.06.30"]

1. d4 Nf6 2. c4 c5 3. d5 e5 4. Nc3 d6 5. e4 Be7 6. Be2 Nbd7 7. Nf3 Nf8 8. O-O
Bg4 9. Ne1 Bxe2 10. Qxe2 Ng6 11. Nd3 Qd7 12. a3 Rc8 13. h3 O-O 14. Be3 a6 15.
a4 Bd8 16. a5 Bc7 17. Kh2 Qd8 18. Bg5 h6 19. Bxf6 Qxf6 20. Qd2 Rce8 21. g3 Qd8
22. Ne2 f5 23. f3 fxe4 24. fxe4 Rxf1 25. Rxf1 Bxa5 26. Qd1 Rf8 27. Kg2 Rxf1 28.
Qxf1 Qg5 29. Qc1 Qd2 30. Qxd2 Bxd2 31. Kf2 Ne7 32. h4 b5 33. cxb5 axb5 34. b3
Kf7 35. Nb2 Ng8 36. g4 Nf6 37. Kf3 g6 38. Nd3 h5 39. gxh5 Nxh5 40. Nb2 Kf6 41.
Nd3 Ke7 42. Ng1 Kd7 43. Nf2 c4 44. bxc4 bxc4 45. Ke2 Bf4 46. Kf3 c3 47. Nd3 c2
48. Ne2 Bd2 49. Nec1 Kc7 50. Nb3 Bh6 51. Nb4 c1=Q 52. Nxc1 Bxc1 53. Nc6 Kd7 54.
Nb8+ Ke8 55. Na6 Kd8 56. Nb4 Bd2 57. Nc6+ Ke8 58. Na7 Be1 59. Nc8 Kd7 60. Nb6+
Kd8 61. Nc4 Ke7 62. Ne3 Bxh4 63. Ng2 Bg5 64. Ne1 Bf4 0-1

[Event "4.Int Ch of Vojvodina"]
[Site "Novi Sad"]
[Date "2013.07.03"]
[Round "8.16"]
[White "Popovic, Dobrivoj"]
[Black "Tosic, Miroslav"]
[Result "0-1"]
[WhiteElo "2206"]
[BlackElo "2411"]
[PlyCount "40"]
[EventDate "2013.06.28"]
[SourceDate "2013.06.30"]

1. e4 c5 2. Nf3 e6 3. c4 d6 4. d4 cxd4 5. Nxd4 Nf6 6. Nc3 Be7 7. g4 h6 8. Be3
Nc6 9. Rg1 g5 10. Be2 a6 11. Qd2 Ne5 12. f4 gxf4 13. Bxf4 Ng6 14. Be3 Nd7 15.
O-O-O Nde5 16. Kb1 Bf8 17. Nf3 Bd7 18. Nxe5 dxe5 19. Bd3 Bc6 20. Qe2 Nf4 0-1

[Event "4.Int Ch of Vojvodina"]
[Site "Novi Sad"]
[Date "2013.07.03"]
[Round "8.17"]
[White "Cvetkovic, Srdjan"]
[Black "Dronjic, Sinisa"]
[Result "1/2-1/2"]
[WhiteElo "2387"]
[BlackElo "2190"]
[PlyCount "50"]
[EventDate "2013.06.28"]
[SourceDate "2013.06.30"]

1. c4 c5 2. Nf3 Nc6 3. d4 cxd4 4. Nxd4 Nf6 5. Nc3 e6 6. a3 Nxd4 7. Qxd4 b6 8.
e4 Bc5 9. Qd1 Bb7 10. Bd3 d5 11. cxd5 exd5 12. Bb5+ Kf8 13. exd5 Nxd5 14. Nxd5
Qxd5 15. Qxd5 Bxd5 16. O-O Bb3 17. Re1 f6 18. Be3 Bd6 19. Rac1 Kf7 20. Bc4+
Bxc4 21. Rxc4 Rac8 22. Rec1 Rxc4 23. Rxc4 Rd8 24. g3 Be5 25. a4 Rd7 1/2-1/2

[Event "4.Int Ch of Vojvodina"]
[Site "Novi Sad"]
[Date "2013.07.03"]
[Round "8.18"]
[White "Brajic, Miloje"]
[Black "Popovic, Milan S"]
[Result "0-1"]
[WhiteElo "2300"]
[BlackElo "2178"]
[PlyCount "120"]
[EventDate "2013.06.28"]
[SourceDate "2013.06.30"]

1. e4 c5 2. Nf3 d6 3. d4 cxd4 4. Nxd4 Nf6 5. Nc3 a6 6. Bg5 Nbd7 7. Qd2 b5 8.
O-O-O Bb7 9. f3 Rc8 10. Kb1 e6 11. h4 Be7 12. g4 b4 13. Nce2 d5 14. Bxf6 Nxf6
15. e5 Nd7 16. f4 Qb6 17. Bg2 a5 18. g5 g6 19. h5 Rg8 20. hxg6 hxg6 21. Rh7 Nf8
22. Rh6 Kd8 23. Rdh1 Kc7 24. Rh8 Rxh8 25. Rxh8 Kb8 26. Rh3 Bc5 27. a3 Ba6 28.
axb4 axb4 29. Nb3 Be7 30. Qd4 Qc7 31. Qd2 Qb6 32. Qe3 Qxe3 33. Rxe3 Bxe2 34.
Rxe2 Nd7 35. Re3 Rc4 36. Rf3 Re4 37. Bf1 Kc7 38. Bd3 Re1+ 39. Ka2 Rh1 40. Bb5
Nc5 41. Nd4 Ne4 42. Be8 Rh7 43. Rb3 Nd2 44. Rd3 Ne4 45. Rf3 Bc5 46. Nb3 Kd8 47.
Bb5 Rh2 48. Bd3 Bb6 49. Rf1 Rf2 50. Nc1 Be3 51. Rxf2 Nxf2 52. Ne2 Nh3 53. Kb3
Nxf4 54. Nxf4 Bxf4 55. Kxb4 Bxe5 56. b3 Bf4 57. c4 dxc4 58. bxc4 Bxg5 59. c5
Ke7 60. Kc4 f5 0-1

[Event "4.Int Ch of Vojvodina"]
[Site "Novi Sad"]
[Date "2013.07.03"]
[Round "8.19"]
[White "Sokic, Dragomir"]
[Black "Peovic, Milos"]
[Result "1/2-1/2"]
[WhiteElo "2178"]
[BlackElo "2264"]
[PlyCount "45"]
[EventDate "2013.06.28"]
[SourceDate "2013.06.30"]

1. e4 e6 2. c4 d5 3. exd5 exd5 4. cxd5 Qxd5 5. Nf3 Nf6 6. Be2 Be7 7. Nc3 Qa5 8.
O-O O-O 9. d4 c6 10. Re1 h6 11. Bc4 Bd6 12. Ne5 Nbd7 13. Bf4 Qc7 14. Rc1 a6 15.
Bg3 Nb6 16. Bb3 Qd8 17. Ng6 Bxg3 18. Nxf8 Bf4 19. Ng6 Bxc1 20. Qxc1 Nfd5 21.
Nxd5 Nxd5 22. Bxd5 cxd5 23. Nf4 1/2-1/2

[Event "4.Int Ch of Vojvodina"]
[Site "Novi Sad"]
[Date "2013.07.03"]
[Round "8.20"]
[White "Kler, Borko"]
[Black "Kovacevic, Goran B"]
[Result "1-0"]
[WhiteElo "2242"]
[BlackElo "2177"]
[PlyCount "53"]
[EventDate "2013.06.28"]
[SourceDate "2013.06.30"]

1. e4 c5 2. Nf3 d6 3. d4 cxd4 4. Nxd4 Nf6 5. Nc3 a6 6. f4 e6 7. Be2 Be7 8. O-O
Qc7 9. Kh1 O-O 10. a4 Nc6 11. Be3 Bd7 12. Nb3 Nb4 13. a5 Rac8 14. Bb6 Qb8 15.
Bd4 Bc6 16. Bd3 e5 17. Be3 Rfd8 18. Qe2 Nxd3 19. cxd3 Re8 20. g4 h5 21. g5 Ng4
22. f5 Nxe3 23. Qxe3 g6 24. Qf3 Rf8 25. Qh3 Bd7 26. Nd5 Rce8 27. Rg1 1-0

[Event "4.Int Ch of Vojvodina"]
[Site "Novi Sad"]
[Date "2013.07.04"]
[Round "9.1"]
[White "Nestorovic, Nikola"]
[Black "Andrijevic, Milan"]
[Result "1-0"]
[WhiteElo "2405"]
[BlackElo "2322"]
[PlyCount "73"]
[EventDate "2013.06.28"]
[SourceDate "2013.06.30"]

1. e4 c5 2. Nf3 e6 3. d4 cxd4 4. Nxd4 a6 5. c4 Nf6 6. Nc3 Qc7 7. a3 Nxe4 8.
Nxe4 Qe5 9. Bd3 Qxd4 10. O-O Nc6 11. Be3 Qe5 12. Bb6 d5 13. cxd5 exd5 14. f4
Qxb2 15. Rb1 Qxa3 16. Rb3 Qe7 17. Ng5 Qd6 18. f5 Be7 19. Qh5 Qf6 20. Ne6 Bxe6
21. fxe6 Qxe6 22. Bf5 g6 23. Bxe6 gxh5 24. Bxf7+ Kd7 25. Bxd5 Rac8 26. Rd1 Bd6
27. Bf3 Ke6 28. Re3+ Ne5 29. Bd5+ Kf5 30. Rf1+ Kg5 31. Rg3+ Ng4 32. Be3+ Kg6
33. Bf7+ Kg7 34. Bd4+ Kh6 35. Rf6+ Kg5 36. h4+ Kxh4 37. Rh3+ 1-0

[Event "4.Int Ch of Vojvodina"]
[Site "Novi Sad"]
[Date "2013.07.04"]
[Round "9.3"]
[White "Radlovacki, Jovan"]
[Black "Nestorovic, Dejan"]
[Result "0-1"]
[WhiteElo "2434"]
[BlackElo "2428"]
[PlyCount "60"]
[EventDate "2013.06.28"]
[SourceDate "2013.06.30"]

1. e4 c5 2. Nf3 e6 3. d3 d6 4. g3 Nf6 5. Bg2 Be7 6. O-O O-O 7. c3 Nc6 8. Re1
Bd7 9. h3 Rc8 10. d4 cxd4 11. cxd4 d5 12. e5 Ne4 13. a3 Qb6 14. Re3 f6 15. Rb3
Qa6 16. Bf1 Qa4 17. Be3 Na5 18. Rd3 Qxd1 19. Rxd1 Ba4 20. Re1 Nb3 21. Ra2 Bd8
22. Bd3 Ba5 23. Rf1 Rfd8 24. exf6 gxf6 25. g4 Kf7 26. Kg2 Rg8 27. Ne1 h5 28. f3
Nd6 29. Be2 Nf5 30. Bf2 Nc1 0-1

[Event "4.Int Ch of Vojvodina"]
[Site "Novi Sad"]
[Date "2013.07.04"]
[Round "9.4"]
[White "Kokeza, Mirko"]
[Black "Martinovic, Slobodan"]
[Result "1-0"]
[WhiteElo "2315"]
[BlackElo "2417"]
[PlyCount "68"]
[EventDate "2013.06.28"]
[SourceDate "2013.06.30"]

1. d4 Nf6 2. Nf3 g6 3. c4 Bg7 4. Nc3 O-O 5. Bg5 c5 6. g3 cxd4 7. Nxd4 Nc6 8.
Nb3 d6 9. Bg2 a5 10. Rc1 a4 11. Nd4 Qa5 12. Nxc6 bxc6 13. Bxc6 Rb8 14. Bxf6
Bxf6 15. Qxa4 Qe5 16. b4 Bh3 17. Nd5 Bg7 18. f4 Qb2 19. Kf2 e6 20. Rc2 Qd4+ 21.
Ne3 Qb6 22. c5 Qc7 23. cxd6 Qxd6 24. b5 Qd8 25. Rd1 Qf6 26. Qe4 Bf5 27. Nxf5
gxf5 28. Qc4 Rfd8 29. Rcd2 Rxd2 30. Rxd2 Qa1 31. Rd3 Bf6 32. Kg2 Qb2 33. a4 Rd8
34. Rxd8+ Bxd8 1-0

[Event "4.Int Ch of Vojvodina"]
[Site "Novi Sad"]
[Date "2013.07.04"]
[Round "9.7"]
[White "Bodiroga, Predrag"]
[Black "Vlahov, Davor"]
[Result "1-0"]
[WhiteElo "2369"]
[BlackElo "2240"]
[PlyCount "63"]
[EventDate "2013.06.28"]
[SourceDate "2013.06.30"]

1. d4 Nf6 2. c4 c5 3. d5 e5 4. Nc3 d6 5. e4 Be7 6. Bd3 Nbd7 7. h3 Nf8 8. Be3
Ng6 9. g3 h5 10. f4 h4 11. f5 Nf8 12. g4 N6h7 13. Nf3 Ng5 14. Nd2 Bd7 15. a3
Ngh7 16. Bf2 a6 17. b4 b6 18. O-O g5 19. Rb1 Qc7 20. Rb3 Ra7 21. Qc2 a5 22.
Rfb1 axb4 23. axb4 f6 24. bxc5 bxc5 25. Nb5 Bxb5 26. cxb5 Rb7 27. b6 Qd8 28.
Bb5+ Nd7 29. Bc6 Rb8 30. Nc4 Kf7 31. b7 Nhf8 32. Be1 1-0

[Event "4.Int Ch of Vojvodina"]
[Site "Novi Sad"]
[Date "2013.07.04"]
[Round "9.9"]
[White "Drazic, Sinisa"]
[Black "Stikovic, Dobrica"]
[Result "1-0"]
[WhiteElo "2463"]
[BlackElo "2228"]
[PlyCount "57"]
[EventDate "2013.06.28"]
[SourceDate "2013.06.30"]

1. d4 e6 2. c4 d5 3. Nc3 Be7 4. cxd5 exd5 5. Bf4 Nf6 6. e3 O-O 7. Qc2 a6 8. h3
c5 9. dxc5 Bxc5 10. Nf3 Nc6 11. a3 d4 12. O-O-O Be6 13. Kb1 dxc3 14. Rxd8 Rfxd8
15. Bd3 cxb2 16. Ng5 Bxa3 17. Bxh7+ Kh8 18. Nxe6 fxe6 19. Bg6 Rd5 20. Qb3 Bb4
21. Rd1 Rxd1+ 22. Qxd1 Rd8 23. Qb3 Rd2 24. Qxe6 Bc3 25. Bd6 Rd1+ 26. Ka2 Na5
27. Qc8+ Ng8 28. Bb1 Bf6 29. Qc2 1-0

[Event "4.Int Ch of Vojvodina"]
[Site "Novi Sad"]
[Date "2013.07.04"]
[Round "9.10"]
[White "Tosic, Miroslav"]
[Black "Pucarevic, Milenko"]
[Result "1-0"]
[WhiteElo "2411"]
[BlackElo "2221"]
[PlyCount "105"]
[EventDate "2013.06.28"]
[SourceDate "2013.06.30"]

1. d4 g6 2. c4 Bg7 3. e4 d6 4. Nc3 Nd7 5. Be3 b6 6. Nf3 Bb7 7. Bd3 e6 8. O-O
Ne7 9. Re1 a6 10. Qd2 h6 11. Rad1 g5 12. d5 e5 13. Ne2 Ng6 14. h3 Nf6 15. Ng3
Bc8 16. Nf5 Kf8 17. Qc2 a5 18. Bc1 Nh5 19. Bf1 Bf6 20. g3 Ng7 21. Bg2 Bd7 22.
Nh2 h5 23. Nf1 Nxf5 24. exf5 Ne7 25. g4 hxg4 26. hxg4 Rh4 27. f3 Ng8 28. Ng3
Be7 29. Ne4 f6 30. Kf2 c6 31. Qd3 Rc8 32. dxc6 Rxc6 33. b3 Nh6 34. a4 Nf7 35.
Rh1 Rxh1 36. Rxh1 Kg7 37. Qd5 Qe8 38. Be3 Rc8 39. Bxb6 Bc6 40. Qxa5 Ra8 41. Qd2
Bxa4 42. bxa4 Qxa4 43. Qd5 Qe8 44. Kg3 Ra6 45. Be3 Nd8 46. Qb5 Rc6 47. Bf1 Qd7
48. Be2 Qc8 49. Ra1 Rc7 50. Qe8 Nf7 51. Qxc8 Rxc8 52. Ra7 Bf8 53. Nc3 1-0

[Event "4.Int Ch of Vojvodina"]
[Site "Novi Sad"]
[Date "2013.07.04"]
[Round "9.12"]
[White "Popovic, Milan S"]
[Black "Kler, Borko"]
[Result "1/2-1/2"]
[WhiteElo "2178"]
[BlackElo "2242"]
[PlyCount "101"]
[EventDate "2013.06.28"]
[SourceDate "2013.06.30"]

1. e4 c5 2. Nf3 e6 3. b3 d6 4. Bb2 Nf6 5. e5 dxe5 6. Nxe5 Be7 7. Bd3 Nbd7 8. f4
Nd5 9. O-O Bf6 10. Qe2 Qc7 11. g3 a6 12. a4 Nb4 13. Be4 Nxe5 14. fxe5 Bxe5 15.
c3 Nc6 16. Na3 Bf6 17. Nc4 Ne5 18. Nxe5 Qxe5 19. d4 cxd4 20. cxd4 Qg5 21. Rf5
exf5 22. Bxb7+ Kd8 23. Bxa8 Re8 24. Qf2 f4 25. Qxf4 Qxf4 26. gxf4 Re3 27. Bd5
Be6 28. Kf2 Rd3 29. Ke2 Rh3 30. Bxe6 fxe6 31. Ba3 Rxb3 32. Bc5 Kd7 33. Kd2 Kc6
34. Kc2 Rh3 35. Rb1 Rxh2+ 36. Kd3 Bd8 37. Rg1 g6 38. Re1 Kd7 39. Rb1 Bc7 40.
Rb7 Kc6 41. Ra7 a5 42. Ke4 Rh4 43. Ra6+ Kd7 44. Ra7 Rxf4+ 45. Ke3 Rf7 46. Bb6
Kc6 47. Bxc7 Rxc7 48. Rxa5 Rf7 49. Ke4 Rd7 50. Ra6+ Kc7 51. Rxe6 1/2-1/2

[Event "4.Int Ch of Vojvodina"]
[Site "Novi Sad"]
[Date "2013.07.04"]
[Round "9.13"]
[White "Pecelj, Nedeljko"]
[Black "Cvetkovic, Srdjan"]
[Result "1/2-1/2"]
[WhiteElo "2190"]
[BlackElo "2387"]
[PlyCount "130"]
[EventDate "2013.06.28"]
[SourceDate "2013.06.30"]

1. d4 Nf6 2. Nf3 d5 3. c4 e6 4. e3 Be7 5. Nc3 O-O 6. Bd3 b6 7. O-O Bb7 8. b3
Nbd7 9. Bb2 c5 10. Qe2 cxd4 11. exd4 Re8 12. Ne5 a6 13. Rfe1 Bb4 14. a3 Nxe5
15. dxe5 Bxc3 16. Bxc3 Nd7 17. Qh5 g6 18. Qh6 Qe7 19. Bd2 Qf8 20. Qh4 h5 21.
Bg5 dxc4 22. bxc4 Qg7 23. Re3 Nf8 24. Be2 Nh7 25. Re1 Nxg5 26. Qxg5 Rad8 27.
Rg3 Rd4 28. Bxh5 Rxc4 29. h4 b5 30. Bg4 Re4 31. Rxe4 Bxe4 32. h5 a5 33. Qf4 Bf5
34. Bxf5 exf5 35. hxg6 Qxe5 36. Qh4 Qa1+ 37. Kh2 Qh8 38. Qxh8+ Kxh8 39. gxf7
Rf8 40. Rb3 b4 41. axb4 axb4 42. Rxb4 Rxf7 43. Kg3 Kg7 44. Kf4 Kg6 45. Rb6+ Kh5
46. g3 Rf8 47. Re6 Rf7 48. Ke5 f4 49. gxf4 Ra7 50. Kf5 Rf7+ 51. Rf6 Ra7 52. Re6
Ra5+ 53. Re5 Ra6 54. Re8 Ra5+ 55. Kf6 Ra6+ 56. Re6 Ra3 57. Re5+ Kh6 58. Rg5 Rf3
59. f5 Ra3 60. Rg6+ Kh7 61. Rg7+ Kh6 62. Re7 Ra6+ 63. Re6 Ra7 64. Re8 Ra6+ 65.
Kf7 Kg5 1/2-1/2

[Event "4.Int Ch of Vojvodina"]
[Site "Novi Sad"]
[Date "2013.07.04"]
[Round "9.14"]
[White "Dostan, Janos"]
[Black "Ostovic, Matija"]
[Result "1/2-1/2"]
[WhiteElo "2188"]
[BlackElo "2316"]
[PlyCount "36"]
[EventDate "2013.06.28"]
[SourceDate "2013.06.30"]

1. e4 d6 2. d4 Nf6 3. Bd3 e5 4. c3 Be7 5. Ne2 O-O 6. O-O c6 7. Nd2 Re8 8. Nf3
Qc7 9. Ng3 Bf8 10. Qc2 Nbd7 11. Bg5 h6 12. Bd2 b6 13. Rae1 c5 14. dxe5 Nxe5 15.
Nxe5 dxe5 16. c4 Rd8 17. Bc3 Be6 18. Nf5 Ng4 1/2-1/2

[Event "4.Int Ch of Vojvodina"]
[Site "Novi Sad"]
[Date "2013.07.04"]
[Round "9.15"]
[White "Mastrapovic, Vladimir"]
[Black "Sokic, Dragomir"]
[Result "0-1"]
[WhiteElo "2298"]
[BlackElo "2178"]
[PlyCount "34"]
[EventDate "2013.06.28"]
[SourceDate "2013.06.30"]

1. e4 e5 2. f4 exf4 3. Nf3 g5 4. Bc4 Bg7 5. d4 h6 6. O-O d6 7. c3 Ne7 8. g3 Ng6
9. Ne1 Bh3 10. Rf2 O-O 11. Qh5 Qd7 12. Qxg6 Kh8 13. Bxf7 Rxf7 14. e5 dxe5 15.
dxe5 Nc6 16. gxf4 Nxe5 17. fxe5 Qg4+ 0-1

[Event "4.Int Ch of Vojvodina"]
[Site "Novi Sad"]
[Date "2013.07.04"]
[Round "9.17"]
[White "Peovic, Milos"]
[Black "Kanjuh, Vladimir"]
[Result "1-0"]
[WhiteElo "2264"]
[BlackElo "2123"]
[PlyCount "87"]
[EventDate "2013.06.28"]
[SourceDate "2013.06.30"]

1. e4 d5 2. exd5 Nf6 3. Nc3 Nxd5 4. Bc4 e6 5. Qf3 Nxc3 6. dxc3 Bd6 7. Nh3 Qf6
8. Qe2 b6 9. Be3 Bb7 10. f3 Nd7 11. O-O-O h6 12. Bd4 Be5 13. Be3 O-O-O 14. Kb1
g5 15. Nf2 Qe7 16. Nd3 Bg7 17. Bf2 Nf6 18. Ne5 Ne4 19. Bd4 Bxe5 20. Bxe5 f6 21.
fxe4 fxe5 22. Qg4 Kb8 23. Rde1 Rhf8 24. Bd3 Rf4 25. Qh5 Qf6 26. Qh3 Rf8 27. a3
Qg6 28. Qe3 h5 29. Rhg1 g4 30. g3 Rf3 31. Qd2 R8f6 32. Re2 Rf8 33. Ka2 Rd8 34.
Qc1 Rdf8 35. Qe1 R8f6 36. c4 Qf7 37. Qc3 Rf2 38. Rge1 Rxe2 39. Rxe2 Rf2 40.
Rxf2 Qxf2 41. Qxe5 Qxh2 42. Qh8+ Bc8 43. c5 Qd2 44. Ba6 1-0

[Event "4.Int Ch of Vojvodina"]
[Site "Novi Sad"]
[Date "2013.07.04"]
[Round "9.18"]
[White "Trajkovic, Aleksandar"]
[Black "Cabarkapa, Spasoje"]
[Result "1/2-1/2"]
[WhiteElo "2169"]
[BlackElo "2240"]
[PlyCount "127"]
[EventDate "2013.06.28"]
[SourceDate "2013.06.30"]

1. c4 e5 2. Nc3 Nc6 3. g3 Nf6 4. Bg2 Bc5 5. e3 d5 6. cxd5 Nb4 7. d4 exd4 8.
exd4 Be7 9. Nge2 Bf5 10. O-O O-O 11. Bf4 Bc2 12. Qd2 Bg6 13. Be5 Nfxd5 14. Nxd5
Nxd5 15. Bxd5 Qxd5 16. Bxc7 Bd6 17. Bxd6 Qxd6 18. Rac1 Rad8 19. Rc3 Rfe8 20.
Re3 f6 21. Rxe8+ Bxe8 22. b3 Qd5 23. Qc3 Bc6 24. Qc4 Qxc4 25. bxc4 Bf3 26. Re1
Bxe2 27. Rxe2 Rxd4 28. c5 Rc4 29. Re8+ Kf7 30. Rb8 b6 31. cxb6 axb6 32. Rxb6
Ra4 33. Rb7+ Kg6 34. Rb2 Kg5 35. Kg2 h5 36. Rc2 h4 37. Re2 hxg3 38. hxg3 f5 39.
Kh3 g6 40. Rb2 f4 41. gxf4+ Kxf4 42. Kg2 g5 43. Kf1 g4 44. Ke2 Ke4 45. Kd2 Kd4
46. Kc2 Kc4 47. Kd2 Kd4 48. Ke1 Ke4 49. Re2+ Kf4 50. Kf1 Ra3 51. Kg2 Kf5 52.
Rb2 Ke4 53. Kf1 g3 54. Rd2 gxf2 55. Kxf2 Rd3 56. Rb2 Kd5 57. Ke2 Rd4 58. Ke3
Rd1 59. Rc2 Rd4 60. Rc8 Ra4 61. Rc2 Rc4 62. Rh2 Kc6 63. Kd3 Rc1 64. Rc2+
1/2-1/2

[Event "4.Int Ch of Vojvodina"]
[Site "Novi Sad"]
[Date "2013.07.04"]
[Round "9.19"]
[White "Mladenovic, Dusan"]
[Black "Tomerlin, Sinisa"]
[Result "0-1"]
[WhiteElo "2145"]
[BlackElo "2240"]
[PlyCount "94"]
[EventDate "2013.06.28"]
[SourceDate "2013.06.30"]

1. e4 g6 2. Bc4 d6 3. d3 Bg7 4. Ne2 c6 5. O-O Nf6 6. Bb3 Nbd7 7. c3 d5 8. exd5
Nxd5 9. d4 O-O 10. Bg5 N7f6 11. Bxf6 Bxf6 12. Nd2 a5 13. Re1 Qb6 14. Ne4 Bg7
15. Qd2 Rd8 16. Rad1 Bf5 17. N4g3 Be6 18. c4 Nc7 19. Qe3 a4 20. c5 Qb4 21. Bxe6
Nxe6 22. a3 Qa5 23. Kf1 Rd5 24. Ne4 Rad8 25. N4c3 R5d7 26. Qg3 Nxd4 27. Qg4 f5
28. Qf4 e5 29. Qh4 e4 30. Nxd4 Bxd4 31. Rxd4 Rxd4 32. g4 Qxc5 33. gxf5 e3 34.
Ne4 Qb5+ 35. Kg2 Qxf5 36. Rxe3 Rf8 37. f3 g5 38. Qg3 Qf4 39. Qe1 Rc4 40. Qe2 b5
41. Nf2 h5 42. Nh3 Qf5 43. Nf2 Rc2 44. Qd1 g4 45. Qd6 gxf3+ 46. Kg3 Qg5+ 47.
Kh3 Qg2+ 0-1

[Event "4.Int Ch of Vojvodina"]
[Site "Novi Sad"]
[Date "2013.07.04"]
[Round "9.20"]
[White "Kumic, Filip"]
[Black "Manojlovic, Sava"]
[Result "1-0"]
[WhiteElo "2237"]
[BlackElo "2118"]
[PlyCount "87"]
[EventDate "2013.06.28"]
[SourceDate "2013.06.30"]

1. c4 Nf6 2. Nc3 g6 3. Nf3 Bg7 4. d4 d6 5. e4 O-O 6. Be2 c5 7. O-O Nc6 8. d5
Na5 9. Bg5 a6 10. a3 Qc7 11. Re1 Ne8 12. Rc1 Bg4 13. Nd2 Bxe2 14. Qxe2 f6 15.
Bf4 b6 16. b4 Nb7 17. Nb3 Rc8 18. Na4 Nd8 19. bxc5 bxc5 20. Rb1 e5 21. dxe6
Nxe6 22. Bg3 Qc6 23. Nc3 Rf7 24. Nd5 Rd8 25. Qc2 Rb8 26. Na5 Rxb1 27. Rxb1 Qc8
28. Rb6 Nd4 29. Qb1 Qe6 30. Nf4 Qg4 31. f3 Qg5 32. Rb8 Rf8 33. Qe1 h5 34. h4
Qh6 35. Nd5 Nc2 36. Qd1 Nd4 37. Bf4 g5 38. Be3 Kh8 39. f4 f5 40. hxg5 Qg6 41.
Ne7 Qh7 42. exf5 Nxf5 43. Nxf5 Qxf5 44. Qxh5+ 1-0